Sistema automático de control de caudal

Uloženo v:
Podrobná bibliografie
Hlavní autor: Calvo Arrázola, Marco Antonio
Médium: Kniha
Vydáno: San José, C.R. 1997
Témata:
Tagy: Přidat tag
Žádné tagy, Buďte první, kdo vytvoří štítek k tomuto záznamu!

MARC

LEADER 00000nam a2200000Ia 4500
003 008086
005 20221231144234.0
008 140114s1997 cr a m 000 ||s d
040 |c cru CEDI 
090 |a TFG 3573 
100 |a Calvo Arrázola, Marco Antonio  |9 9654 
245 |a Sistema automático de control de caudal 
260 |c 1997  |a  San José, C.R. 
300 |a  [130] hojas : ilustraciones  
500 |a  Proyecto de graduación (licenciatura en ingeniería civil)--Universidad de Costa Rica. Facultad de Ingeniería. Escuela de Ingeniería Civil 
650 |x VERTEDEROS  |9 9655 
942 |c TFG 
999 |c 18907  |d 18907